Statistics for Top 10 Pet-Owning US States

Click here to take the quiz!

General Stats

  • This quiz has been taken 274 times
  • The average score is 6 of 10

Answer Stats

% households with a petState% Correct
62.7%Washington
69%
62.9%Maine
68%
63.6%Oregon
65%
62%Idaho
59%
70.8%Vermont
59%
61.8%Wyoming
56%
65.6%South Dakota
50%
62.1%West Virginia
43%
62.4%Arkansas
42%
67.6%New Mexico
41%

Score Distribution

Percentile by Number Answered

Percent of People with Each Score

Your Score History

You have not taken this quiz